| Tag |
First Indicator |
Second Indicator |
Subfields |
| LEADER |
00000cam a2200000Ka 4500 |
| 001 |
in00003259331 |
| 005 |
20190404202458.0 |
| 006 |
m o d |
| 007 |
cr cnu---unuuu |
| 008 |
130522s2013 gw a o 001 0 eng d |
| 020 |
|
|
|a 9783642309168 (electronic bk.)
|
| 020 |
|
|
|a 364230916X (electronic bk.)
|
| 020 |
|
|
|z 9783642309151
|
| 020 |
|
|
|z 3642309151
|
| 035 |
|
|
|a (OCoLC)ocn844030101
|
| 035 |
|
|
|a (OCoLC)844030101
|
| 040 |
|
|
|a GW5XE
|c GW5XE
|d N$T
|d YDXCP
|d ZMC
|d COO
|d E7B
|d UtOrBLW
|
| 049 |
|
|
|a TXAM
|
| 050 |
|
4 |
|a TS205
|b .M53 2013eb
|
| 072 |
|
7 |
|a TEC
|x 040000
|2 bisacsh
|
| 082 |
0 |
4 |
|a 671
|2 23
|
| 245 |
0 |
0 |
|a Micro metal forming /
|c Frank Vollertsen, editor.
|
| 264 |
|
1 |
|a Berlin ;
|a New York :
|b Springer,
|c [2013]
|
| 264 |
|
4 |
|c ©2013
|
| 300 |
|
|
|a 1 online resource.
|
| 336 |
|
|
|a text
|b txt
|2 rdacontent
|
| 337 |
|
|
|a computer
|b c
|2 rdamedia
|
| 338 |
|
|
|a online resource
|b cr
|2 rdacarrier
|
| 490 |
1 |
|
|a Lecture notes in production engineering
|
| 505 |
0 |
0 |
|t Introduction /
|r Frank Vollertsen --
|t Basic Aspects /
|r Frank Vollertsen --
|t Mechanical Properties /
|r Hans-Werner Zoch --
|t Bulk Metal Forming /
|r Bernd Kuhfuss --
|t Sheet Metal Forming /
|r Frank Vollertsen --
|t Size Effect-Enabled Methods /
|r Heinz-Rolf Stock --
|t Tool Making /
|r Ekkard Brinksmeier --
|t Machines and Handling /
|r Bernd Kuhfuss --
|t Simulation Technologies /
|r Peter Maa€ --
|t Quality Aspects /
|r Ralf B. Bergmann.
|
| 500 |
|
|
|a Includes index.
|
| 588 |
|
|
|a Description based on print version record.
|
| 500 |
|
|
|a Electronic resource.
|
| 650 |
|
0 |
|a Metal-work.
|
| 650 |
|
0 |
|a Metals
|x Microstructure.
|
| 650 |
|
0 |
|a Micromechanics.
|
| 650 |
|
7 |
|a TECHNOLOGY & ENGINEERING / Technical & Manufacturing Industries & Trades.
|2 bisacsh
|
| 655 |
|
7 |
|a Electronic books.
|2 local
|
| 700 |
1 |
|
|a Vollertsen, Frank,
|d 1958-
|
| 776 |
0 |
8 |
|i Print version:
|t Micro metal forming.
|d Berlin ; London : Springer, 2013
|z 9783642309151
|w (OCoLC)817267991
|
| 830 |
|
0 |
|a Lecture notes in production engineering.
|
| 856 |
4 |
0 |
|u http://proxy.library.tamu.edu/login?url=http://search.ebscohost.com/login.aspx?direct=true&scope=site&db=nlebk&db=nlabk&AN=580336
|z Connect to the full text of this electronic book
|t 0
|
| 994 |
|
|
|a 92
|b TXA
|
| 948 |
|
|
|a cataloged
|b h
|c 2013/7/16
|d c
|e jlanham
|f 3:51:35 pm
|
| 999 |
|
|
|a MARS
|
| 999 |
f |
f |
|s 324035d4-2502-3647-81ab-4ba7b96b2e13
|i fa625bb2-f5cf-3c94-b679-9963b7967edd
|t 0
|
| 952 |
f |
f |
|a Texas A&M University
|b College Station
|c Electronic Resources
|d Available Online
|t 0
|e TS205 .M53 2013eb
|h Library of Congress classification
|
| 998 |
f |
f |
|a TS205 .M53 2013eb
|t 0
|l Available Online
|